| 000 | 00460nam a22001697a 4500 | ||
|---|---|---|---|
| 005 | 20180611104119.0 | ||
| 008 | 160513b xxu||||| |||| 00| 0 eng d | ||
| 020 | _a0-7069-9913-4 | ||
| 041 | _aeng | ||
| 082 |
_b1851 _a650.015 13 |
||
| 100 |
_aQazi Zameeruddin, VK. Khanna. and SK. Bhandari _94328 |
||
| 245 | _aBusiness Mathematics | ||
| 260 |
_aNew Delhi _bVikas Publishing house Pvt. Ltd. _c2004 |
||
| 300 | _a815 | ||
| 650 |
_aManagement _9241 |
||
| 942 | _cBK | ||
| 999 |
_c713 _d713 |
||